[Event "Madrid San Viator op-B 28th"]
[Site "Madrid"]
[Date "2017.05.28"]
[Round "8"]
[White "Rodriguez Nieto, Miguel Angel"]
[Black "Sarabia Diaz, Santiago"]
[Result "0-1"]
[WhiteElo "1738"]
[BlackElo "1563"]
[PlyCount "124"]
[EventDate "2017.03.26"]
[EventType "swiss"]
[EventRounds "9"]
[EventCountry "ESP"]
[SourceTitle "EXT 2019"]
[Source "ChessBase"]
[SourceDate "2018.10.10"]
[SourceVersion "1"]
[SourceVersionDate "2018.10.10"]
[SourceQuality "1"]

1. c4 Nf6 2. g3 e6 3. Bg2 c5 4. Nc3 Nc6 5. Nf3 d5 6. cxd5 Nxd5 7. a3 Be7 8. 0-0 0-0 9. d3 f5 10. Rb1 f4 11. e4 Nxc3 12. bxc3 e5 13. Qb3+ Kh8 14. d4 cxd4 15. cxd4 fxg3 16. d5 gxf2+ 17. Rxf2 Bc5 18. dxc6 Bxf2+ 19. Kxf2 bxc6 20. Be3 Qe7 21. Kg1 Be6 22. Qc3 Rab8 23. Re1 Rb3 24. Qxe5 Rb5 25. Qa1 Bh3 26. Bg5 Rxg5 27. Nxg5 Qc5+ 28. Kh1 Bxg2+ 29. Kxg2 Qxg5+ 30. Kh1 Rf2 31. Rg1 Qh6 32. Qe5 Qf6 33. Qc3 Qf3+ 34. Qxf3 Rxf3 35. Rc1 Rxa3 36. Rxc6 Kg8 37. e5 Kf8 38. Rc8+ Kf7 39. Rc7+ Kg6 40. Kg2 h5 41. e6 h4 42. e7 h3+ 43. Kf2 Kf7 44. e8Q+ Kxe8 45. Rxg7 Kd8 46. Rh7 Kc8 47. Rg7 a5 48. Rh7 Kb8 49. Rg7 a4 50. Rh7 Rb3 51. Rh4 a3 52. Ra4 Kb7 53. Ke1 Kb6 54. Kd1 Kb5 55. Ra8 Kb4 56. Kc1 Kc3 57. Rc8+ Kd3 58. Rh8 Rc3+ 59. Kb1 Ke2 60. Re8+ Kf1 61. Rd8 Rf3 62. Rd1+ Kg2 0-1

[Event "Madrid San Viator op-B 28th"]
[Site "Madrid"]
[Date "2017.05.21"]
[Round "7"]
[White "Sarabia Diaz, Santiago"]
[Black "Di Pietro Moreno, Fatima"]
[Result "1-0"]
[WhiteElo "1563"]
[BlackElo "1394"]
[PlyCount "100"]
[EventDate "2017.03.26"]
[EventType "swiss"]
[EventRounds "9"]
[EventCountry "ESP"]
[SourceTitle "EXT 2019"]
[Source "ChessBase"]
[SourceDate "2018.10.10"]
[SourceVersion "1"]
[SourceVersionDate "2018.10.10"]
[SourceQuality "1"]

1. e4 e6 2. Nf3 d5 3. Qe2 Nf6 4. exd5 Nxd5 5. g3 Be7 6. Bg2 0-0 7. 0-0 c6 8. c4 Nb4 9. d4 a5 10. a3 N4a6 11. Nc3 Nd7 12. Be3 Nc7 13. Rfd1 Nf6 14. Ne5 Bd6 15. Bg5 h6 16. Bxf6 Qxf6 17. Ne4 Qd8 18. Qh5 Be7 19. f4 Ne8 20. Rd2 Nf6 21. Nxf6+ Bxf6 22. Rad1 Qc7 23. Be4 Bxe5 24. fxe5 Qe7 25. h4 Bd7 26. g4 Be8 27. g5 f5 28. gxf6 Bxh5 29. fxe7 Rfe8 30. Rf1 Rxe7 31. Bf3 Bxf3 32. Rxf3 Rf7 33. Kg2 Raf8 34. Rdf2 Rxf3 35. Rxf3 Rxf3 36. Kxf3 Kf7 37. Ke4 Ke7 38. h5 b6 39. d5 cxd5+ 40. cxd5 exd5+ 41. Kxd5 b5 42. b4 axb4 43. axb4 Kd7 44. e6+ Ke7 45. Ke5 Kf8 46. Kd6 Ke8 47. e7 g6 48. hxg6 h5 49. g7 Kf7 50. e8Q+ Kxe8 1-0